00843nam a22002057a 45000010005000000030006000050050017000110080041000280200018000690400029000870820011001161000013001272450049001402600051001893000049002405050008002895200291002975210029005885210020006179908FISKH20260325080452.0260313b cb ||||| |||| 00| 0 eng d a9781907602368 aFISKHbengcFISKHdFISKH a793.73 aPedigree aAngry birds :bAnnual 2013 / cBy Pedigree  aExeter, Devon : bPedigree Books Ltd ,c2012 . a77 pages : bcolor illustrations ; c30 cm . aM  aAngry Birds Annual 2013 is a fun, illustrated children’s annual featuring: short stories or themed pages puzzles games Angry Birds characters and activities It’s designed for young readers and fans of the Angry Birds brand, with varied content rather than a single narrative. 8 a530 bLexile estimate 8 aM bRaz-Plus